Score 0/14 Timer 02:00
4 Plays Today
Joke Missing Word % Correct
The early ____ gets the worm but the second mouse gets the cheese.BIRD
99.4%
I play Cinderella tennis, I keep missing the ____.BALL
90.7%
Did you sleep ____? No, I made a couple of mistakes.WELL
86.9%
A computer once ____ me at chess, but it was no match for me at kickboxing.BEAT
86.6%
My wife ran off with my ____ friend, and I sure do miss himBEST
85.9%
It said on my box of animal crackers 'Do not eat if ____ is broken'. So I opened it and sure enough...SEAL
84.3%
Why is there a flotation device under an airplane ____ and not a parachute?SEAT
82.4%
Joke Missing Word % Correct
I used to ____ furniture for a living. Unfortunately it was my own.SELL
79.8%
A seminar on time travel ____ be held three weeks ago.WILL
79.1%
Shakespeare walked into a bar and the barman said 'Get out, you're ____'.BARD
76.5%
I knew I was going ____ when it was taking longer to wash my face each day.BALD
76%
I got my surgery ____. Now I know why surgeons wear masks.BILL
67.9%
99% of lawyers give the ____ a bad nameREST
61.2%
If money can't buy happiness, I guess I'll have to ____ it.RENT
34.6%

Today's Daily Dose

Remove Ads.
Support Sporcle.
Get the best of Sporcle when you Go Orange. This ad-free experience offers more features, more stats, and more fun while also helping to support Sporcle. Thank you for becoming a member.

You're not logged in!

Compare scores with friends on all Sporcle quizzes.
OR
Log In

Show Comments

Extras

Top Quizzes Today


Score Distribution

Your Account Isn't Verified!

In order to create a playlist on Sporcle, you need to verify the email address you used during registration. Go to your Sporcle Settings to finish the process.

Report this User

Report this user for behavior that violates our Community Guidelines.

Details: